000
00227nam a22000977a 4500
999
_c
10926
_d
10926
008
180409b ||||| |||| 00| 0 eng d
020
_a
9789350580905
100
_a
CBSE
_9
6735
245
_a
Mathematics-X
260
_a
New Delhi
_b
CBSE